| 000 | 00565ntaaa2200193 4500 | ||
|---|---|---|---|
| 003 | 01 | ||
| 005 | 20251027201140.0 | ||
| 008 | 0714s1973 ag 01 | ||
| 040 |
_aAR-BaBN _bspa _cAR-BaBN _eaacr _dRIC |
||
| 082 | _a220.02 B79 | ||
| 100 | _aBrooks, Keith L. | ||
| 245 |
_aSummarized Bible; complete summary of the Old and New Testaments. / _cKeith L. Brooks |
||
| 250 | _a1 ed. | ||
| 260 |
_aLos Angeles : _bBible Institute of Los Angeles, _cc1919 |
||
| 300 | _a215 p., 96 p. | ||
| 500 | _aBosquejo y sumario de la Biblia | ||
| 650 | _aBiblia-Bosquejo | ||
| 942 | _cBK | ||
| 999 |
_c5733 _d5733 |
||